Các yếu tố ảnh hưởng đến rủi ro hệ thống của doanh nghiệp bất động sản tại TP. Hồ Chí Minh : Báo cáo tổng kết đề tài Khoa học Cấp Trường

Na minha lista:
Detalhes bibliográficos
Autor principal: Nguyễn, Thị Mỹ Phượng
Formato: Đề tài khoa học
Idioma:Undetermined
Publicado em: Trường Đại học Công nghiệp Tp. Hồ Chí Minh 2020
Assuntos:
Tags: Adicionar Tag
Sem tags, seja o primeiro a adicionar uma tag!
Thư viện lưu trữ: Trung tâm Thư viện - Trường Đại học Công nghiệp TP. Hồ Chí Minh
LEADER 00798nam a2200157Ia 4500
001 UIH_00756
008 230809s9999 xx 000 0 und d
082 |a 332.6324 
100 |a Nguyễn, Thị Mỹ Phượng 
245 0 |a Các yếu tố ảnh hưởng đến rủi ro hệ thống của doanh nghiệp bất động sản tại TP. Hồ Chí Minh : Báo cáo tổng kết đề tài Khoa học Cấp Trường 
245 0 |c Nguyễn, Thị Mỹ Phượng 
260 |b Trường Đại học Công nghiệp Tp. Hồ Chí Minh 
260 |c 2020 
650 |a Bất động sản;Tài chính doanh nghiệp 
927 |a Đề tài khoa học 
980 |a Trung tâm Thư viện - Trường Đại học Công nghiệp TP. Hồ Chí Minh